000 02363cam a22006134i 4500
003 PE-LiUPU
005 20250731170450.0
008 150706s1994 sp a rb 000 0 spa d
020 _a8480630760
020 _a9788480630764
035 _a(Sirsi) i9788480630764
040 _aPE-LiUPU
_bspa
_cPE-LiUPU
_dPE-LiUPU
_erda
049 _aPRUA
082 0 4 _a153.35
_bM94
_221
100 1 _aMuñoz, Josep,
_eautor.
245 1 3 _aEl pensamiento creativo :
_bDesarrollo del "programa Xènius" /
_cJosep Muñoz .
264 1 _aBarcelona :
_bOctaedro,
_c1994 .
300 _a184 páginas :
_bilustraciones ;
_c24 centímetros.
336 _atext
_2rdacontent
337 _aunmediated
_2rdamedia
338 _avolume
_2rdacarrier
490 0 _aNuevos instrumentos ;
_v3
504 _aIncluye bibliografía.
505 0 _a¿Cursos de creatividad o creatividad en los cursos? -- Definición de la creatividad -- Presentación del "programa Xènius de estimulación creativa" -- Modelos de programas de pensamiento -- El programa "Xènius" -- Desarrollo del programa "Xènius" -- Collage -- Las preguntas -- La síntesis -- Role-Playing -- La relación -- Ideogramas -- Las analogías -- Alternativas -- El azar -- Los escenarios -- La crítica -- El Brainstorming -- Resolución problemas.
526 _aSEG68
526 _aSEG70
526 _aSEG69
526 _aSEG67
526 _aSEG43
526 _aP144
526 _aP143
526 _aP131
526 _aP122
526 _aP120
526 _aP117
526 _aP112
526 _aP110
526 _aP106
526 _aP101
526 _aP80
526 _aP59
526 _aP54
526 _aP35
526 _aP33
526 _aP30
541 _g001-0031615;
650 0 4 _aPensamiento creativo en niños.
910 _bjv
_clch
_d20100616
942 _2ddc
_cBOOK
949 _a153.35 M94
_wDEWEY
_c1
_i61801
_d2016-4-8
_e2016-4-7
_lCCODEBUL1
_mBUL
_n2
_p25.00
_r0
_sY
_tBOOK
_u2015-7-6
_xSALUD
_PP33
_0COMPRA
_o.STAFF. Colección Ciencias de la Salud
994 _aC0
_bPEPRU
596 _a1
999 _a153.35 M94
_wDEWEY
_c51011
_i61801
_d51011
_e2018-5-14
_f2021-11-3
_g5
_lCCODEBUL1
_mBUL
_n3
_p25.00
_q2
_r0
_sY
_tBOOK
_u2015-7-6
_xSALUD
_zP33
_0COMPRA
_o.STAFF. Colección Ciencias de la Salud
980 _81
_gALBERTO SANCHEZ Responsable de Automatización